Classifica Pallone d'Oro 2019 - Statistics

Statistiche generali
  • Questo quiz è stato fatto 86 volte
  • Il punteggio medio è 25 su 30
Statistiche sulle risposte
Punti Nazione Squadra Calciatore % Corretto
476 Portogallo Juventus Cristiano Ronaldo
100%
686 Argentina Barcellona Lionel Messi
100%
89 Francia Paris Saint-Germain Kylian Mbappé
99%
178 Egitto Liverpool Mohamed Salah
99%
347 Senegal Liverpool Sadio Mané
97%
679 Paesi Bassi Liverpool Virgil van Dijk
96%
11 Brasile Liverpool Roberto Firmino
94%
44 Polonia Bayern Monaco Robert Lewandowski
93%
4 Corea del Sud Tottenham Son Heung-min
93%
9 Francia Atletico Madrid / Barcellona Antoine Griezmann
90%
41 Portogallo Manchester City Bernardo Silva
90%
31 Paesi Bassi Ajax / Barcellona Frenkie de Jong
90%
24 Belgio Manchester City Kevin de Bruyne
90%
13 Paesi Bassi Ajax / Juventus Matthijs de Ligt
90%
25 Belgio Chelsea / Real Madrid Eden Hazard
89%
2 Senegal Napoli Kalidou Koulibaly
89%
33 Algeria Manchester City Riyad Mahrez
89%
12 Argentina Manchester City Sergio Agüero
85%
67 Brasile Liverpool Alisson
79%
1 Francia Real Madrid Karim Benzema
78%
5 Serbia Ajax Dušan Tadić
76%
0 Portogallo Benfica / Atletico Madrid João Félix
75%
2 Germania Barcellona Marc-André ter Stegen
75%
5 Francia / Gabon Arsenal Pierre-Emerick Aubamaeyang
74%
3 Francia Tottenham Hugo Lloris
71%
8 Inghilterra Liverpool Trent Alexander-Arnold
69%
30 Inghilterra Manchester City Raheem Sterling
67%
0 Brasile Paris Saint-Germain Marquinhos
60%
1 Paesi Bassi Liverpool Goerignio Wijnaldum
54%
0 Paesi Bassi Ajax Donny van de Beek
53%
Nessun quiz corrispondente trovato
Distribuzione punteggi
Percentuale di utenti per punteggio
Percentile per numero di risposta
I tuoi punteggi nel tempo
Non hai fatto questo quiz